000 00854nam a2200205Ia 4500
001 9998
003 GE_BSU
008 181216s||||||||xx |||||||||||||| ||und||
040 _cGE_BSU
080 _a821.353.1–1+821.353.1-2+821.353.1-31
100 _aრჩეულიშვილი,გრიგოლ
245 _aთხზულებანი
245 _cსოლომონ ყუბანეიშვილის რედ. წინასიტყვაობითა და შენიშვნებით.[რედ.გ.ლეონიძე.მხატვ.ო ჯიშკარიანი]
260 _aთბილისი
260 _bსაბჭოთა საქართველო
260 _c1965
300 _a364გვ.1ფ.პორტრ.22სმ.
653 _aთხზულებანი
942 _cBK
999 _c43271
_d43271